00731nam a2200241 a 4500001001300000003000900013005001700022008004100039020001300080082001600093100001900109245003900128260004900167300000900216500003500225505002400260650002300284700001900307902000800326942000700334952013100341999001700472nice12345678IN_TiNIC20260116013800.0050524s1994 alba grp 000 0 eng  ac1193.700a305.4bSHA1 aSharma, Arvind aTodays`s Woman in World Religions. aAlbany bState University of New York c1994 a459p aincludes index and biblioraphy2 aBibliography, Index aWomen and Religion1 aSharma, Arvind bSRS cBK 001040708StackRoom-aHMIbHMId2009-10-21g1193.70l6o305.4 SHA1p019897r2022-09-08s2022-09-02v1193.70w2005-05-24yBK c12468d12468